| 000 | 01866nam a22002417a 4500 | ||
|---|---|---|---|
| 005 | 20260311112100.0 | ||
| 008 | 251017b |||||||| |||| 00| 0 eng d | ||
| 020 | _a9780143476184 | ||
| 040 | _cAL | ||
| 041 | _aEnglish | ||
| 082 |
_a342.54 _bCHAW |
||
| 100 |
_aD Y Chandrachud _9258510 |
||
| 245 |
_aWhy the constitution matters _b: selected speeches |
||
| 260 |
_c2025 _aND _bVintage Books |
||
| 300 |
_axvii,570p. _bHB _c24x16cm |
||
| 365 |
_aXIA4-84248 _b₹767.04 _c₹ _d₹999.00 _f03-10-2025 |
||
| 520 | _aIn Why the Constitution Matters Justice D.Y. Chandrachud delves into the profound significance of the Constitution in shaping the nation’s identity and governance. This insightful book offers readers a nuanced understanding of the Constitution’s role in protecting fundamental rights, ensuring justice and maintaining the rule of law. The author brings to the forefront his experience of nearly twenty-five years as a judge, making complex constitutional principles accessible to both legal professionals and common citizens. Through engaging narratives and real-life examples, he illustrates how the Constitution impacts everyday life and why it remains a cornerstone of democracy. The book covers themes such as democracy, free speech, pluralism, gender, environmental governance, dissent and landmark judgments that have shaped modern India. Why the Constitution Matters is not just a book for legal scholars; it is a must-read for anyone who values democracy, justice and the rule of law. Discover why the Constitution is more than just a document; it is the foundation of a just and equitable society. | ||
| 650 |
_aConstitutional Law and Fundamentals _9242411 |
||
| 650 |
_aDemocracy and Governance _9242412 |
||
| 650 |
_aCitizen Rights and Civil Liberties _9242413 |
||
| 650 |
_aSocial Justice and Equality _9242414 |
||
| 942 |
_2ddc _cBK |
||
| 999 |
_c240568 _d240568 |
||